000 00639nam a2200229Ia 4500
003 OSt
005 20221007063752.0
006 a|||||r|||| 00| 0
007 ta
008 221006b |||||||| |||| 00| 0 eng d
024 _a27,050
037 _cReports / Technical Reports
040 _aFLL
_cFLL
_beng
041 _2eng
_aeng
082 _aZ2qm, G0.2
245 0 _aGeneral statutory rules and orders
250 _a3rd
260 _aCalcutta
_bGovernment of India ,Central Publication Branch India
_c1932
300 _a1509p
_ccm.
942 _hZ2qm, G0.2
_cREP
_2CC
999 _c1132127
_d1132127